000 01270nam a2200289 i 4500
003 DO-SdBNP
005 20240418073801.0
006 a||||er|||| 00| 0
007 ta
008 230801t2019 dr |||| |||| 00| j spa d
020 _a9789993475330
040 _aDO-SdBNP
_bspa
_cBNPHU
_erda
082 4 _222
_bC697L
100 1 _aCollado, Miguel A.,
_d1954-
_924696
245 _aLecturas para viajeros:
_b(cuentos y relatos muy breves). /
_cMiguel Collado
264 4 _aSanto Domingo :
_bCEDIBIL,
_c©2019
300 _a126 páginas ;
_c18 cm.
336 _2rdacontent
_atexto
_btxt
337 _2rdamedia
_asin mediación
_bn
338 _2rdacarrier
_avolumen
_bnc
490 _aNarrativa ;
_v7
500 _aIncluye datos biográficos del autor en la solapa de la cubierta.
505 _aPrefacio Narrativo.
_tContando la historia.--Extraño amor.-- Un filántropo.-- El libro de los secretos.-- Realidad onírica.-- El valiente general.-- Triste está la reina.-- La extraña mirada.-- Imitando a Superman.-- Atrapado en un sueño.-- Pescador pescado.--Síndrome del miembro fantasma.-- El retorno a la Tierra.-- Cuando recobró la razón.
590 _aInventariado 2023 / MF
830 _aPublicaciones de CEDIBIL ;
_lspa
_nno.. 38
_983852
942 _2ddc
_cLBS1
999 _c54293
_d54293